The Unknown Voices: (Record no. 190527)

MARC details
000 -LEADER
fixed length control field 00652nam a22001937a 4500
005 - DATE AND TIME OF LATEST TRANSACTION
control field 20220727124045.0
010 ## - LCCN (DPL NO)
LC control number ENG-134012
020 ## - INTERNATIONAL STANDARD BOOK NUMBER
International Standard Book Number 8174877495
Terms of availability 350.00
035 ## - SYSTEM CONTROL NUMBER
System control number EN-117544
037 ## - SOURCE OF ACQUISITION
Source of stock number/acquisition DBAB/PUB
082 ## - DEWEY DECIMAL CLASSIFICATION NUMBER
Classification number 881
100 ## - MAIN ENTRY--PERSONAL NAME
Personal name Karan Singh
245 ## - TITLE STATEMENT
Title The Unknown Voices:
Remainder of title A Translation of Folk Songs of South Haryana/
Statement of responsibility, etc Karan Singh and Devender Kumar
260 ## - PUBLICATION, DISTRIBUTION, ETC. (IMPRINT)
Place of publication, distribution, etc New Delhi
Name of publisher, distributor, etc Radha Publications
Date of publication, distribution, etc 2011
270 ## - ADDRESS
Address 4231/1, Ansari Road, Daryaganj
City New Delhi
Postal code 110002
Telephone number 23247003
Electronic mail address radhapublications@rediffmail.com
300 ## - PHYSICAL DESCRIPTION
Extent 156p.
Dimensions 22cm(hb)
Other physical details Appendix
700 ## - ADDED ENTRY--PERSONAL NAME
Personal name Devender Kumar
942 ## - ADDED ENTRY ELEMENTS (KOHA)
Source of classification or shelving scheme Dewey Decimal Classification
Item type English Books
Call number suffix KAR
Classification part 881
Holdings
Withdrawn status Lost status Not for loan Collection code Home library Current library Date acquired Source of acquisition Cost, normal purchase price Full call number Barcode Copy number Cost, replacement price Koha item type
      Non-fiction Bawana Bawana 27/07/2022 DBAD/PUB 350.00 881 KAR EN-117544 1 350.00 English Books

© Delhi Public Library
Hit Counter
free hit counter